000
00330nam a2200133Ia 4500
008
191201s2009 xx 000 0 und d
082
_a
332.6
_b
FIS
100
_a
FISCHER, Donald E.
245
0
_a
Security Analysis and Portfolio Management
260
_a
N.Delhi
_b
Pearson
_c
2009
300
_a
703
650
_a
MBA
942
_2
ddc
_c
BK
999
_c
3520
_d
3520